Personal: problemas humanos de la administración
Spremljeno u:
| Glavni autori: | , |
|---|---|
| Format: | Knjiga |
| Jezik: | španjolski |
| Izdano: |
Ciudad de México
Prentice-Hall
1981
|
| Teme: | |
| Oznake: |
Dodaj oznaku
Bez oznaka, Budi prvi tko označuje ovaj zapis!
|
MARC
| LEADER | 00000nam a2200000 a 4500 | ||
|---|---|---|---|
| 001 | UCS1458 | ||
| 003 | CL-VaPUC | ||
| 008 | 970509e19810000MX |||||||||||||||||spa|d | ||
| 082 | 0 | 4 | |a 658.3 |b STR |2 21 |
| 100 | 0 | |a Strauss, George |e author |9 385929 | |
| 700 | 0 | |a Sayles, Leonard R |e author |9 385930 | |
| 245 | 1 | 0 | |a Personal: problemas humanos de la administración |
| 300 | |a 619 p | ||
| 942 | |c BK | ||
| 945 | |d 19970509 00:00:00 |a amoreno | ||
| 260 | |a Ciudad de México |b Prentice-Hall |c 1981 | ||
| 650 | 7 | |a PERSONAL |2 CL-VaPUC |9 343747 | |
| 650 | 0 | |a Administración del personal |9 260442 | |
| 650 | 0 | |a Trabajo |9 313876 | |
| 650 | 0 | |a Relaciones humanas |9 307340 | |
| 650 | 7 | |a SUPERVISION |2 CL-VaPUC |9 338459 | |
| 650 | 0 | |a Sindicatos |9 255034 | |
| 650 | 0 | |a Comunicación |9 257251 | |
| 650 | 0 | |a Recursos humanos |9 228420 | |
| 650 | 0 | |a Salud |9 258663 | |
| 650 | 0 | |a Seguridad |9 354178 | |
| 583 | |a last modification |c 19970509 00:00:00 |k Rodrigo Vera | ||
| 999 | |c 259538 |d 259536 | ||
| 952 | |0 0 |1 0 |4 0 |6 658_300000000000000_STR_1981 |7 0 |8 A |9 284410 |a BIBENE |b BIBENE |d 2019-11-19 |i 3304019 |o 658.3 STR 1981 |p 3304019 |r 2025-01-15 |w 2019-11-19 |y BK |k ICO | ||
| 952 | |0 0 |1 0 |4 0 |6 658_300000000000000_STR_1981 |7 0 |8 A |9 284411 |a BIBGIM |b BIBGIM |d 2019-11-19 |i 2715309 |o 658.3 STR 1981 |p 2715309 |r 2025-01-15 |w 2019-11-19 |y BK |k COM | ||